|
|
|
|
| LEADER |
00630cam a2200181 7i4500 |
| 001 |
0000048559 |
| 005 |
20180309090000.0 |
| 020 |
|
|
|a 0195888650 (pbk.)
|
| 090 |
0 |
0 |
|a HF5475.I52
|b A44 1987
|
| 100 |
1 |
|
|a Alexander, Jennifer
|
| 245 |
1 |
0 |
|a Trade, traders and trading in rural java
|c Jennifer Alexander.
|
| 260 |
|
|
|a Singapore:
|b Oxford University Press,
|c 1987.
|
| 300 |
|
|
|a 223 p.
|
| 500 |
|
|
|a Gift: Zainol Ahmad Resource Center
|
| 650 |
0 |
0 |
|a Markets --
|z Indonesia --
|z Java
|
| 650 |
0 |
0 |
|a Market towns --
|z Indonesia --
|z Java
|
| 650 |
0 |
0 |
|a Marketing --
|z Indonesia --
|z Java
|
| 999 |
|
|
|a 0000062286
|b BOK
|c OPEN SHELF
|e 1st Floor, Bestari Jaya
|